000 00486nam a2200169 i 4500
001 78818
003 ES-MaACL
007 t|
008 041018s1974 sp ||||1| spa d
100 1 _aHallas, G.
_961582
245 1 0 _aEstereoquímica orgánica /
_cpor G. Hallas ; traducido por Luis Lázaro Tortosa.
250 _a[1ª ed.].
260 _aBilbao :
_bUrmo,
_c[1974]
300 _a248 p. ;
_c24 cm.
700 1 _aLázaro Tortosa, Luis.
_970809
852 _aES-MaACL
_jE-8835
_bR.93223
999 _c78818
_d78818